The Politics of Ethics / Methods for Acting, Learning, and sometimes Fighting with Others in Addressing Ethics Problems in Organizational Life (Record no. 2834)
[ view plain ]
| 000 -LEADER | |
|---|---|
| fixed length control field | 01306cam a22001934a 4500 |
| 005 - ΗΜΕΡΟΜΗΝΙΑ ΚΑΙ ΩΡΑ ΤΕΛΕΥΤΑΙΑΣ ΕΝΗΜΕΡΩΣΗΣ | |
| Πεδίο ελέγχου | 20250605164054.0 |
| 008 - FIXED-LENGTH DATA ELEMENTS--GENERAL INFORMATION | |
| Πεδίο ελέγχου σταθερού μήκους | 250528s ||||||||||||||||||||||||d |
| 035 ## - SYSTEM CONTROL NUMBER | |
| System control number | 17413 |
| 020 ## - ISBN | |
| ISBN | 195096665 |
| 040 ## - ΠΗΓΗ ΚΑΤΑΛΟΓΟΓΡΑΦΗΣΗΣ | |
| Φορέας πρωτότυπης καταλογογράφησης | MC Athens Campus Library |
| Γλώσσα καταλογογράφησης | Ελληνικά, Μοντέρνα (1453-) |
| Modifying agency | MC Athens Campus Library |
| Κανόνες περιγραφικής καταλογογράφησης | AACR2 |
| 245 1# - ΤΙΤΛΟΣ ΚΑΙ ΔΗΛΩΣΗ ΥΠΕΥΘΥΝΟΤΗΤΑΣ | |
| Τίτλος | The Politics of Ethics / Methods for Acting, Learning, and sometimes Fighting with Others in Addressing Ethics Problems in Organizational Life |
| 260 ## - PUBLICATION, DISTRIBUTION, ETC. | |
| Name of publisher, distributor, etc. | Oxford University Press, |
| Date of publication, distribution, etc. | 1996 |
| 300 ## - PHYSICAL DESCRIPTION | |
| Extent | 256 |
| 520 ## - SUMMARY, ETC. | |
| Summary, etc. | This book analyzes the individual, organizational, cultural, and environmental obstacles to behaving ethically in organizations. Introduction, Obstacles to Ethical Organization Behavior, A Politics of Ethics Framework Based on Action-Learning, Single-Loop and Win-Lose Methods, Double-Loop and Dialog Methods, Friendly Disentangling: Triple-Loop Dialog I, Friendly Upbuilding: Triple-Loop Dialog II, Varieties of Postmodernism: Triple-Loop Dialog III, Internal Due-Process Systems: Ethics Processing Machines, Single and Double and Triple - Loop Politics: Overcoming Obstacles to Ethical Organization Behavior, Conclusion: Proteus as Organization Citizen, Appendix: Varieties of Dialectic Change Processes, References, Index. |
| 700 1# - ΠΡΟΣΘΕΤΗ ΑΝΑΓΡΑΦΗ--ΦΥΣΙΚΟ ΠΡΟΣΩΠΟ | |
| Personal name | Nielsen Richard P |
| 9 (RLIN) | 3570 |
| 942 ## - ADDED ENTRY ELEMENTS (KOHA) | |
| Koha item type | Books |
| Τύπος τεκμηρίου | Βιβλιοθήκη | Τρέχουσα τοποθεσία | Barcode | Αριθμός εισαγωγής | Ημερομηνία απόκτησης | Ταξιθετικό σύμβολο | Αριθμός αντιτύπου | Κατάσταση απόσυρσης | Κατάσταση χαμένου | Κατάσταση κατεστραμμένου | Μη δανεισμός | Σύνολο δανεισμών | Ημερομηνία τελευταίας εμφάνισης | Η τιμή ισχύει από |
|---|---|---|---|---|---|---|---|---|---|---|---|---|---|---|
| Books | MC Athens Campus Library | MC Athens Campus Library | 9780000028334 | 5648 | 05/06/2025 | 174/.4 NIE | 1 | 05/06/2025 | 05/06/2025 |